000 00975nam a2200265 a 4500
001 43262
003 BD-RjUL
005 20211209053654.0
008 160620s1940 nz d b 000 0 eng d
035 _a(BD-RjUL)
035 _a936269
040 _aVDU
_beng
_cVDU
_dABN-SNR
_dBD-RjUL
041 _aeng
082 1 4 _a371.26
_223
_bRES 1940
100 1 _aRedmond, Mary,.
_9132886
245 1 4 _aThe standardization of two intelligence tests /
_cby Mary Redmond & F.R.J. Davies.
260 _a[Wellington, N.Z?] :
_bNew Zealand Council for Educational Research,
_c1940.
300 _axiii, 129 p. :
_bill. ;
_c22 cm.
490 1 _aEducational research series / New Zealand Council for Educational Research ;
_vno. 14
504 _aIncludes bibliographical references.
650 0 _aIntelligence tests.
_9132887
700 1 _aDavies, F. R. J.
_q(Frederick Ronald Jabez)
_9132888
830 0 _aEducational research series (Wellington, N.Z.) ;
_vno. 14
_9132889
942 _2ddc
_cBK
999 _c43262
_d43262